| 000 | 00488nam a22002057a 4500 | ||
|---|---|---|---|
| 001 | 25471 | ||
| 005 | 20260415093609.0 | ||
| 008 | 260415b |||||||| |||| 00| 0 spa d | ||
| 041 | _aESP | ||
| 082 |
_a621.382 _bF83 |
||
| 100 | _aFrenzel, Louis E. | ||
| 245 | _aSistemas electrónicos de comunicaciones | ||
| 260 |
_a : _b , _c2003 |
||
| 300 |
_axi, 1001 páginas : _b ; _c25 cm. |
||
| 440 | _a ; | ||
| 650 | _aTCA | ||
| 654 | _aCET | ||
| 700 | _a; | ||
| 942 |
_cLIB _dJUS _fJUS _n0 _2ddc |
||
| 999 |
_c25471 _d25471 |
||